banner koha

Análise estatística das séries de produção agrícola do Rio Grande do Sul; Trigo (Registro n. 295445)

MARC details
000 -LÍDER
campo de controle de tamanho fixo 01075nac a22003137a 4500
001 - NÚMERO DE CONTROLE
campo de controle BR0703706
003 - IDENTIFICADOR DO NÚMERO DE CONTROLE
campo de controle BR-BrBNA
005 - DATA E HORÁRIO DA ÚLTIMA TRANSAÇÃO
campo de controle 20240105123434.0
008 - CAMPO DE DADOS FIXOS--INFORMAÇÃO GERAL
campo de controle de tamanho fixo 230509b bl.|||m| |||| 00| 0 por d
040 ## - FONTE DA CATALOGAÇÃO
Instituição da catalogação original BR-BrBNA
Idioma da catalogação por
Instituição que transcreveu o registro Biblioteca Nacional de Agricultura
072 ## - CÓDIGO DE CATEGORIA DE ASSUNTO
Código de Categoria de Assunto U10; F01; E10
090 ## - NÚMERO DE CHAMADA LOCAL
Número de chamada 0180 BR0703706
100 1# - ENTRADA PRINCIPAL--NOME PESSOAL
Nome pessoal Calháu, H.
100 1# - ENTRADA PRINCIPAL--NOME PESSOAL
Nome pessoal Grijó, J.C.
110 1# - ENTRADA PRINCIPAL--NOME CORPORATIVO
Nome corporativo ou nome da jurisdição Instituto de Estudos e Pesquisas Econômicas, Porto Alegre, RS (Brasil)
9 (RLIN) 6044
245 1# - TÍTULO
Título Análise estatística das séries de produção agrícola do Rio Grande do Sul; Trigo
260 3# - PUBLICAÇÃO, DISTRIBUIÇÃO, ETC.
Local de publicação, distribuição, etc. Porto Alegre, RS (Brasil):
Data da publicação, distribuição, etc. 1960.
300 ## - DESCRIÇÃO FÍSICA
Extensão 59 p.
490 ## - TÍTULO DA SÉRIE
Título da série Estudos e Trabalhos - Instituto de Estudos e Pesquisas Econômicas (Brazil)
Número do volume ou designação sequencial da série no. 5
ISSN - International Standard Serial Number
500 ## - NOTA GERAL
Nota geral 22 illus.; 12 ref.; Documento microfilmado e tratado BR7401178
650 ## - ASSUNTO--TERMO TÓPICO
Cabeçalho tópico ou nome geográfico TRIGO
650 ## - ASSUNTO--TERMO TÓPICO
Cabeçalho tópico ou nome geográfico PRODUÇÃO VEGETAL
650 ## - ASSUNTO--TERMO TÓPICO
Cabeçalho tópico ou nome geográfico ESTATÍSTICA
650 ## - ASSUNTO--TERMO TÓPICO
Cabeçalho tópico ou nome geográfico MÉTODO ESTATÍSTICO
650 ## - ASSUNTO--TERMO TÓPICO
Cabeçalho tópico ou nome geográfico PREÇO
650 ## - ASSUNTO--TERMO TÓPICO
Cabeçalho tópico ou nome geográfico RIO GRANDE DO SUL
909 ## -
-- 202312
-- Lúcia Elande
-- 55
-- Lúcia Elande
942 ## - ELEMENTOS DE ENTRADA ADICIONADOS (KOHA)
Fonte da classificação ou esquema de arquivamento na estante Classificação AGRIS
Ocultar no OPAC Não
Tipo de material Koha Monografia Seriada
Exemplares
Situação do descarte Fonte da classificação ou esquema de arquivamento na estante Situação física Não pode ser emprestado Coleção Biblioteca de origem Biblioteca atual Localização na estante Total de empréstimos Número de telefone completo Código de barras Data de último acesso Tipo de material Koha Fonte de aquisição
  Classificação AGRIS       Biblioteca Nacional de Agricultura - Binagri Biblioteca Nacional de Agricultura - Binagri Agrobase - Acervo Geral   0180 BR0703706 0180 BR0703706 18/12/2023 Monografia Seriada Portaria Interministerial nº 164/94

BINAGRI

Telefone: (61)3218-2567/2388/3357/2097 - binagri@agro.gov.br

Ministério da Agricultura e Pecuária , Esplanada dos Ministérios, Bloco D, Anexo B, Brasília/DF, CEP: 70.043-900